00880nam a2200301Ia 4500008004100000020001800041100001900059245002300078245005500101260001500156260002000171260000900191300002700200300002700227300001000254500009900264650002300363650001800386650002400404650001600428650001600444650002200460650002200482650002200504650002200526650002200548700000800570160803s9999 xx 000 0 und d a9780545457323 aKhan, Rukhsana aBig red lollipop / cby Rukhsana Khan ; illustrated by Sophie Blackall. aNew York : bScholastic Inc. c2010 a40 unnumbered pages :  bcolor illustrations ;  c26 cm a"This edition is available for distribution only through the school market."--Page 4 of cover. aArab Americans --  aBirthdays --  aConduct of life --  aParties --  aSisters --  xJuvenile fiction. xJuvenile fiction. xJuvenile fiction. xJuvenile fiction. xJuvenile fiction. a410